000
00318cam a22001337a 4500
008
180718b1957 xxu||||| |||| 00| 0 eng d
082
_a
P H667
100
_a
Hodgkin, R.A.
245
_a
Education and change
_c
by R.A. Hodgkin
260
_a
London
_b
OUP
_c
1957
300
_a
150p.
500
_a
9/6
650
_a
Education
999
_c
368385
_d
368385